Quo Vadis

Đã lưu trong:
Sonraí Bibleagrafaíochta
Príomhúdar: Henryk Sienkievich
Formáid: Leabhar
Teanga:Undetermined
Foilsithe: H. Văn học 2003
Ábhair:
Clibeanna: Cuir Clib Leis
Gan Chlibeanna, Bí ar an gcéad duine leis an taifead seo a chlibeáil!
Thư viện lưu trữ: Trung tâm Học liệu Trường Đại học Cần Thơ
LEADER 00518nam a2200181Ia 4500
001 CTU_56044
008 210402s9999 xx 000 0 und d
020 |b 95000 
082 |a 891.85 
082 |b S572/T2 
100 |a Henryk Sienkievich 
245 0 |a Quo Vadis 
245 0 |c Henryk Sienkievich; Nguyễn Hữu Dũng dịch 
260 |a H. 
260 |b Văn học 
260 |c 2003 
650 |a polish fiction ( vietnamese ),classical literature 
980 |a Trung tâm Học liệu Trường Đại học Cần Thơ